Dove giocava nel 2010-2011? - Quiz n°1 - Statistics

Statistiche generali
  • Questo quiz è stato fatto 40 volte
  • Il punteggio medio è 6 su 10
Statistiche sulle risposte
Hint Risposta % Corretto
Gerard Piqué Barcellona
88%
Marco Storari Juventus
70%
Marouane Fellaini Everton
64%
Pietro Terracciano Milazzo
61%
Kamil Glik Palermo
61%
Berat Djimsiti Zurigo II
61%
Joe Cole Liverpool
58%
Mapou Yanga-Mbiwa Montpellier
55%
Panagiōtīs Kone Brescia
33%
Cristian Molinaro Stoccarda
27%
Nessun quiz corrispondente trovato
Distribuzione punteggi
Percentuale di utenti per punteggio
Percentile per numero di risposta
I tuoi punteggi nel tempo
Non hai fatto questo quiz